000 00445nam a2200193Ia 4500
003 GCL
008 140319s9999 xx 000 0 eng d
040 _aGCL /
_cGCL
082 0 4 _a709.0403
_bO S
100 1 _aOVERY, PAUL
245 1 0 _aDE STIJL /
_cOVERY, PAUL
260 _a[S.N] :
_bTHAMES AND HUDSON ،
_c1991
300 _a216
650 0 4 _aARTS
650 0 4 _aPAINTING
650 0 4 _aPAINTERS
650 0 4 _aDE STIJL
942 _2ddc
_cBK
999 _c18769
_d18769